Slovník speciálněpedagogické terminologie Vybrané pojmy

Saved in:
Bibliographic Details
Main Author Kroupová, Kateřina
Format Electronic eBook
LanguageCzech
Published Grada 2016
Edition1. elektronické vydání
Subjects
Online AccessDostupné v BOOKPORT po přihlášení pomocí eduID
ISBN978-80-271-9344-8
978-80-271-9345-5
978-80-247-5264-8
Physical Description1 online zdroj (328 stran)

Cover

LEADER 00000nam a2200000 i 4500
001 bkp8309
003 CZ-prgp
005 20170103190445.0
006 m o d
007 cr cn
008 170103s2016 xr o 000 0 cze
020 |a 978-80-271-9344-8  |c 339 Kč  |q (online ; pdf) 
020 |a 978-80-271-9345-5  |c 339 Kč  |q (online ; epub) 
020 |a 978-80-247-5264-8  |c 408 Kč  |q (print) 
040 |a Grada  |b cze  |e rda 
100 1 |a Kroupová, Kateřina 
245 1 0 |a Slovník speciálněpedagogické terminologie  |b Vybrané pojmy  |c Kateřina Kroupová 
250 |a 1. elektronické vydání 
264 1 |b Grada  |c 2016 
300 |a 1 online zdroj (328 stran) 
336 |a text  |b txt  |2 rdacontent 
337 |a počítač  |b c  |2 rdamedia 
338 |a online zdroj  |b cr  |2 rdacarrier 
520 3 |a Více než tisícovka hesel slovníku zachycuje soudobý stav speciální pedagogiky a seznámí vás s nejdůležitějšími pojmy oboru. Najdete zde odborně definované, ale zároveň srozumitelně vysvětlené klíčové termíny a jejich anglické ekvivalenty. 
650 0 4 |a Speciální pedagogika 
650 0 4 |a Slovníky 
856 4 0 |u https://www.bookport.cz/AccountSaml/SignIn/?idp=https://shibboleth.utb.cz/idp/shibboleth&returnUrl=/kniha/slovnik-specialnepedagogicke-terminologie-1758/  |y Dostupné v BOOKPORT po přihlášení pomocí eduID